02307naa a2200229 a 450000100080000000500110000800800410001902200140006010000180007424501120009226000090020452015980021365300140181165300230182565300260184870000210187470000160189570000180191170000170192970000180194677301130196411207422014-04-29 2013 bl uuuu u00u1 u #d a0103-667x1 aPREZZI, H. A. aVigor de sementes de feij??o crioulo produzidas em sistema convencional e org??nico.h[electronic resource] c2013 aA dif??cil combina????o das condi????es ??timas de cultivo no campo, atrelada a escassez de trabalhos que abordem cultivos org??nicos de feij??o, tornam importantes os estudos que qualifiquem as sementes para esta forma de produ????o. Assim, o objetivo deste trabalho foi avaliar o vigor das sementes pelo teste de frio, envelhecimento acelerado e pelo teste de condutividade, em sementes produzidas em sistema convencional e org??nico. Foram utilizadas sementes de 22 variedades crioulas e 4 comerciais produzidas na safra 2011/2012 no munic??pio de Campos Novos ? SC nos dois sistemas de cultivo. As sementes obtidas foram submetidas, em laborat??rio, aos testes de frio, envelhecimento acelerado e condutividade el??trica para determina????o do vigor. Os tr??s testes realizados revelaram efeito significativo da intera????o gen??tipo x sistema. No sistema convencional, os testes de frio e envelhecimento acelerado indicaram os BAF?s 55, 75, 81, 84, 97 e 110 como os mais vigorosos, enquanto que os gen??tipos que se destacaram no teste de condutividade el??trica foram o 3, 7, 44, 23, 46, 55, 68 e 115. Em sistema org??nico, apresentaram maior comprimento de pl??ntulas nos testes de frio e envelhecimento acelerado os BAF?s 75 e 81, enquanto que o teste de condutividade el??trica indicou os BAF?s 68, 3, 4, 7, 44, 46, 57 e 97 como os melhores. Apenas o teste de frio n??o resultou em efeito significativo para sistema. Conclui-se que o vigor das sementes foi dependente do sistema de cultivo, e os gen??tipos mais est??veis independente do sistema de cultivo foram os BAf?s 55, 75 e 81. alandraces aPhaseolus vulgaris apotencial de sementes1 aCOELHO, C. M. M.1 aHEBERLE, I.1 aGINDRI, D. M.1 aSOUZA, C. A.1 aPARIZOTTO, C. tIn: CONGRESSO BRASILEIRO DE SEMENTES, 18., 2013, Florian??polis, SC. Resumos... Londrina, PR: ABRATES, 2013.